00525nam a2200145 a 450000100100000000500170001000800410002704000250006810000250009324500680011826000500018630000210023695201050025799900170036200004005220201002033905.0130805s1975 ho 000 0 spa d aDO-SdBNPbspacBNPHU1 aEscoto, Julio91691510aAntología de la poesía amorosa en Honduras /cJulio Escoto. aHonduras :bBanco Central de Honduras,c1975. a204 p. ;c22 cm. 001050718MOaPDbPDcCTd2013-08-05iLF1l0o p40052-10r2020-06-25w2020-06-25y1ZNo se presta c39542d39542